Information systems : a management perspective

Αποθηκεύτηκε σε:
Λεπτομέρειες βιβλιογραφικής εγγραφής
Κύριος συγγραφέας: Alter, Steven
Μορφή: Βιβλίο
Γλώσσα:English
Δημοσίευση: Reading, Mass. : Addison Wesley, c1999
Έκδοση:3rd ed.
Θέματα:
Ετικέτες: Προσθήκη ετικέτας
Δεν υπάρχουν, Καταχωρήστε ετικέτα πρώτοι!

MARC

LEADER 00000nam a2200000 i 4500
001 1/14189
008 001204s1999 eng d
020 |a 0-201-35109-9 
035 |l 10064908 
040 |a GR-MY-UA  |b gre  |e aacr 
041 0 |a eng 
082 0 |a 658.4038011 
100 1 |a Alter, Steven. 
245 1 0 |a Information systems :  |b a management perspective /  |c Steven Alter 
250 |a 3rd ed. 
260 |a Reading, Mass. :   |b Addison Wesley,   |c c1999 
300 |a xviii, 523 p.;  |b ill.;  |c 28 cm. 
504 |a Includes bibliographical references and index 
650 0 0 |a Management information systems. 
852 |a INST  |b SYROS  |e 20001204  |h 658.4038011 ALT  |p 005500002250  |q 005500002250  |t BK  |y 0 
901 |a BIBL5-2000-3 
909 |a Ε  |b 082532 
922 |a 5ΕΛΗ  |b 200010  |c ΒΙΒΛΙΟΘΗΚΗ  |d ΜΙΧΑΛΟΠΟΥΛΟΣ 
950 |a 183-2000-09-11 
970 |a ΠΟΥΡΝΑΡΑΣ  |b ΔΗΜΗΤΡΗΣ  |z 2000/12/07